[Event "CRO-ch U13 Girls"]
[Site "Trogir"]
[Date "2023.06.22"]
[Round "3"]
[White "Udovicic, Dunja"]
[Black "Zagorac, Lara"]
[Result "0-1"]
[WhiteElo "1324"]
[BlackElo "1867"]
[PlyCount "86"]
[EventDate "2023.06.21"]
[EventType "swiss"]
[EventRounds "9"]
[EventCountry "CRO"]
[SourceTitle "EXT 2024"]
[Source "ChessBase"]
[SourceDate "2023.10.10"]
[SourceVersion "1"]
[SourceVersionDate "2023.10.10"]
[SourceQuality "1"]

1. d4 d5 2. c4 c6 3. Nc3 Nf6 4. Nf3 dxc4 5. e4 b5 6. a3 Bg4 7. Be2 e6 8. 0-0 Be7 9. h3 Bh5 10. Be3 0-0 11. Ne5 Bxe2 12. Qxe2 Qc8 13. f4 a6 14. Rad1 Nbd7 15. Nxd7 Qxd7 16. Qf3 Rfd8 17. f5 exf5 18. Qxf5 Qxf5 19. Rxf5 Rd7 20. Rdf1 Bf8 21. e5 Nd5 22. Nxd5 cxd5 23. Bd2 Re8 24. R1f3 Re6 25. Rg3 g6 26. Rf1 Be7 27. Rgf3 Bd8 28. Bb4 Bb6 29. Bc3 Rxe5 30. Rf6 Re6 31. Rxe6 fxe6 32. Rf6 Re7 33. g4 a5 34. g5 b4 35. axb4 axb4 36. Bxb4 Bxd4+ 37. Kg2 Bxf6 38. gxf6 Rb7 39. Bc3 Kf7 40. Kf3 Rb3 41. Kf4 Rxc3 42. bxc3 Kxf6 43. h4 e5+ 0-1